000 00531nam a2200193Ia 4500
005 20250326142406.0
008 250326s9999 xx 000 0 und d
037 _aTextbook
040 _aFMSL
_beng
_cFMSL
041 _aeng
_2eng
084 _aX:8 N4;7
_qFMSL
100 _aPeter Sen H G
245 0 _aManagerial economics
_cPeter Sen H G; Lewis W C
250 _aEd 3
260 _aNew Delhi
_bNew Delhi, Prentice Hall of India
_c1996
300 _axx,684
942 _cTB
_hX:8 N4;7
999 _c1294805
_d1294805